书目信息 |
| 题名: |
唐代妇女地位研究
|
|
| 作者: | 段塔丽 著 | |
| 分册: | ||
| 出版信息: | 北京 人民出版社 2000.12 |
|
| 页数: | 311页 | |
| 开本: | 32开 | |
| 丛书名: | ||
| 单 册: | ||
| 中图分类: | D442.9 | |
| 科图分类: | ||
| 主题词: | 妇女--社会地位--研究--中国--唐代 | |
| 电子资源: | ||
| ISBN: | 7-01-003268-8 | |
| 000 | 00559nam0 2200193 45 | |
| 001 | 0210281068 | |
| 005 | 20031219104059.2 | |
| 010 | @a7-01-003268-8@dCNY18.00 | |
| 100 | @a20021028d2000 km y0chiy0120 ea | |
| 101 | 0 | @achi |
| 105 | @a z 000yy | |
| 200 | 1 | @a唐代妇女地位研究@ATang Dai Fu Nu Di Wei Yan Jiu@f段塔丽著@FDuan Ta Li Zhu |
| 210 | @a北京@c人民出版社@d2000.12 | |
| 215 | @a311页@d32开 | |
| 606 | 0 | @a妇女@x社会地位@x研究@y中国@z唐代 |
| 690 | @aD442.9@v4 | |
| 701 | @a段塔丽@4著 | |
| 801 | @aCN@bTSTC@c20021028 | |
| 905 | @b316402-404@dD442.9@e6@f3 | |
| 唐代妇女地位研究/段塔丽著.-北京:人民出版社,2000.12 |
| 311页;32开 |
| ISBN 7-01-003268-8:CNY18.00 |
| ● |
| 相关链接 |
|
|
|
|
正题名:唐代妇女地位研究
索取号:D442.9/6
 
预约/预借
| 序号 | 登录号 | 条形码 | 馆藏地/架位号 | 状态 | 备注 |
| 1 | 0316402 | 203164020 | 第一借阅区/ [索取号:D442.9/6] | 在馆 | |
| 2 | 0316403 | 203164039 | 第一借阅区/ [索取号:D442.9/6] | 在馆 | |
| 3 | 0316404 | 203164048 | 第一样本阅览室/ [索取号:D442.9/6] | 在馆 |